00769nab a2200229 uc450000100070000000500170000700800410002403500110006503500210007604000130009704100080011010000410011824500850015965000270024465000470027165000320031865000290035065000320037977300990041194200100051099900190052066884120240201163614.0010603e20010301 spa  a668841 a(OCoLC)819909013 ccomduadb aspa10aCamberos C., Mario4auteaut934089910aCapacidad de consumo y bienestar de los hogares de Mexico y de la frontera norte aFamilia - Mexico95396 aFamilia - Aspectos socioeconómicos97998 7aCalidad de vida2lemb92743 aPobreza - México94980 aIngresos familiares91202890 tComercio Exterior (México)gVol. 51, No. 03, Mar. 2001, p. 203-210w193273x0185-0601084131 cARIMP c202999d202999